|
|
|
|
| LEADER |
00000nbm1a2200000 4500 |
| 001 |
146498 |
| 005 |
20231031144651.0 |
| 035 |
|
|
|a (RuTPU)RU\TPU\book\158797
|
| 090 |
|
|
|a 146498
|
| 100 |
|
|
|a 20081030d1964 k y0rusy50 ca
|
| 101 |
0 |
|
|a rus
|
| 102 |
|
|
|a RU
|
| 200 |
1 |
|
|a Комплексный учет климата в строительстве на Дальнем Востоке
|e Диссертация на соискание ученой степени доктора географических наук
|f А. А. Цвид
|g Дальневосточный Промстройниипроект
|
| 210 |
|
|
|a Владивосток
|d 1964
|
| 700 |
|
1 |
|a Цвид
|b А. А.
|
| 712 |
0 |
2 |
|a Дальневосточный Промстройниипроект
|
| 801 |
|
1 |
|a RU
|b 63413507
|c 20081030
|g PSBO
|
| 801 |
|
2 |
|a RU
|b 63413507
|c 20081030
|g PSBO
|
| 942 |
|
|
|c BK
|